000 00429nam a2200181Ia 4500
001 24137
005 20260414151023.0
008 260414t2007||||xx |||||||||||||| ||spa||
041 _aESP
082 _a781.6285
_bA176
100 _aBolaños, César
_eAUT
245 0 _aLa música en el Perú
_b
260 _c2007
300 _axxxii, 283 páginas :
_c20 cm.
650 _aABD
654 _aCAU
942 _cLIB
_dJUS
_fJUS
_2ddc
_n
999 _c24137
_d24137